000 00429nam a2200181Ia 4500
001 13912
005 20260306164835.0
008 260306t2012||||xx |||||||||||||| ||spa||
041 _aESP
082 _a005.44
_bW42
100 _aLee, Wei-Meng
_eAUT
245 0 _aDesarrollo de aplicaciones para IOS 5
260 _c2012
300 _a687 páginas :
_c23 cm.
650 _aGEN
654 _aCCC
942 _cLIB
_dJUS
_fJUS
_2ddc
_n
999 _c13912
_d13912